Movimientos pro vivienda en San José: una clientela movilizada (1980-1990) /
Guardado en:
| Hovedforfatter: | |
|---|---|
| Andre forfattere: | |
| Format: | Texto |
| Tags: |
Tilføj Tag
Ingen Tags, Vær først til at tagge denne postø!
|
MARC
| LEADER | 00000 a a2200000 04500 | ||
|---|---|---|---|
| 001 | 46971 | ||
| 003 | |||
| 040 | |||
| 100 | |a Badilla Gómez, Patricia | ||
| 245 | |a Movimientos pro vivienda en San José: |b una clientela movilizada (1980-1990) / |c Patricia Badilla Gómez, José M. Cerdas Albertazzi | ||
| 700 | |a Cerdas Albertazzi, José M. | ||
| 773 | |g número67, (2013), páginas 121-156 | ||
| 999 | |c 25387 |d 25387 | ||
